Cytotoxický účinok novosyntetizovaných Ag-komplexov s N-heterocyklami
Uložené v:
| Hlavný autor: | |
|---|---|
| Ďalší autori: | |
| Médium: | Rukopis Kniha |
| Jazyk: | Slovak |
| Vydavateľské údaje: |
2018
|
| Predmet: | |
| On-line prístup: | http://is.stuba.sk/zp/portal_zp.pl?podrobnosti=136472 |
| Tagy: |
Žiadne tagy, Buďte prvý, kto otaguje tento záznam!
|
MARC
| LEADER | 00000ntm a22000003a 4500 | ||
|---|---|---|---|
| 001 | stuzp69919 | ||
| 003 | SK-STU | ||
| 005 | 20180602211511.2 | ||
| 007 | ta | ||
| 008 | 150427s2015----xo-----f-mn---000-0-slo-d | ||
| 040 | |a STU |b slo | ||
| 041 | 0 | |a slo | |
| 100 | 1 | |a Blašková, Nikola |u 043000 |4 aut |U FCHPT Fakulta chemickej a potravinárskej technológie |T FCHPT Ústav biochémie a mikrobiológie |X 63638 |U C3000 |Y 101 |7 63638 | |
| 242 | 0 | 1 | |a Cytotoxic effect of newly synthesized silver complexes with N-heterocycles |y eng |
| 245 | 1 | 0 | |a Cytotoxický účinok novosyntetizovaných Ag-komplexov s N-heterocyklami |
| 260 | |c 2018 | ||
| 650 | 4 | |a kovové komplexy |2 slo | |
| 650 | 4 | |a cisplatina |2 slo | |
| 650 | 4 | |a strieborné komplexy |2 slo | |
| 650 | 4 | |a cytotoxické účinky |2 slo | |
| 650 | 4 | |a L1210 bunky |2 slo | |
| 650 | 4 | |a metal complexes |2 eng | |
| 650 | 4 | |a cisplatin |2 eng | |
| 650 | 4 | |a silver complexes |2 eng | |
| 650 | 4 | |a cytotoxic effects |2 eng | |
| 650 | 4 | |a L1210 cells |2 eng | |
| 700 | 1 | |a Lakatoš, Boris |u 043000 |k Z1 |4 ths |U FCHPT Fakulta chemickej a potravinárskej technológie |T FCHPT Ústav biochémie a mikrobiológie |X 4011 |U C3000 |Y 101 |7 A000004011 | |
| 856 | 4 | |u http://is.stuba.sk/zp/portal_zp.pl?podrobnosti=136472 | |